| 000 | 01866nam a22003737a 4500 | ||
|---|---|---|---|
| 003 | NALT | ||
| 005 | 20250502122856.0 | ||
| 008 | m251625 th ththa d | ||
| 040 | _aNALT | ||
| 041 | _atha | ||
| 090 |
_aKA 204 _bส895ร5 |
||
| 100 | 0 |
_aเสถียร วิชัยลักษณ์ _945581 |
|
| 245 | 1 | 0 |
_aรวมกฎหมายไทย เล่ม 19 [ร5] / _cเสถียร วิชัยลักษณ์. |
| 260 |
_aกรุงเทพฯ : _bนีติเวชช์, _c2516-2531. |
||
| 300 |
_a1 เล่ม ; _b _c26 ซม. |
||
| 610 | 2 | 4 |
_aคณะปฏิรูปการปกครองแผ่นดิน _957491 |
| 650 | 4 |
_aกฎหมาย _zไทย _94701 |
|
| 650 | 4 |
_aการรักษาความปลอดภัยแห่งชาติ _xกฎหมายและระเบียบข้อบังคับ _914612 |
|
| 650 | 4 |
_aการสื่อสาร _xกฎหมายและระเบียบข้อบังคับ _95571 |
|
| 650 | 4 |
_aข้าราชการ _xการลา _955929 |
|
| 650 | 4 |
_aประกาศคณะปฏิวัติ _945580 |
|
| 650 | 4 |
_aกฎหมายลักษณะพยาน _93167 |
|
| 650 | 4 |
_aล้มละลาย _918193 |
|
| 650 | 4 |
_aวิธีพิจารณาความอาญา _91089 |
|
| 650 | 0 |
_a _945204 |
|
| 650 | 4 |
_aศาลแขวง _932763 |
|
| 650 | 4 |
_aเชลยศึก _942099 |
|
| 650 | 4 |
_aแผนพัฒนาเศรษฐกิจและสังคมแห่งชาติ ฉบับที่ 6 _943991 |
|
| 653 | 4 | _aลักษณะพยาน | |
| 653 | 4 | _aอนุสัญญาเจนีวา | |
| 850 | _aNALT | ||
| 942 |
_cREF _2local |
||
| 999 |
_c15852 _d15852 |
||
| 998 |
_j104 _k นางสาวสายฝน ดีงาม |
||